000 00525nam a22001817a 4500
005 20251108163351.0
008 250721s1996 xx 000 0 ara d
082 1 4 _a6ر177/كار
100 1 _aكارينجي، دبل
245 1 0 _aكيف تكسب الأصدقاء و تؤثر في الناس /
264 1 _aالقاهرة :
_bمكتبة مدبولي،
_c1996.
300 _a293ص
650 1 7 _aالأخلاق
650 1 7 _aالقيم الأخلاقية
650 1 7 _aالصداقة
942 _2ddc
_cBK
999 _c869
_d869